Chelsea All-Time Starting XI - Statistics

General Stats
  • This quiz has been taken 461 times
  • The average score is 9 of 13
Answer Stats
Position Player % Correct
GK (2004-15) Petr Čech
98%
MF (2001-14) Frank Lampard
95%
FW (2004-12/14-15) Didier Drogba
94%
DF (1998-2017) John Terry
94%
FW (2012-19) Eden Hazard
88%
Coach (2004-07/13-15) José Mourinho
84%
DF (2006-14) Ashley Cole
80%
12th player (2003-10) Joe Cole
79%
DF (2012-23) Cezar Azpilicueta
74%
MF (2005-14) Michael Essien
56%
MF (1996-2003) Gianfranco Zola
54%
DF (1962-80) Ron Harris
15%
FW (1966-72/74-78) Charlie Cooke
1%
No matching quizzes found
Score Distribution
Percent of People with Each Score
Percentile by Number Answered
Your Score History
You have not taken this quiz